000 01464nam a2200253Ia 4500
999 _c50692
_d50692
001 17643
003 GE_BSU
005 20200220161913.0
008 181216s2012ge xx |||||||||||||| ||geo||
020 _a978-9941-14-791-3
040 _cGE_BSU
080 _a331.45:69(075.8) ბ-89
100 _aბოჭორიშვილი, ნ.ი.
_97276
245 _aშრომის უსაფრთხოება მშენებლობაზე და უსაფრთხოების ტექნიკის საფუძვლები :
_b.სახელმძღვ. ნაწ. 2. /
_cნ. ბოჭორიშვილი ; .ი. ბოჭორიშვილი ; რედ . ი.მეგრელიშვილი.
264 _aთბილისი :
_bტექნ. უნ-ტი,
_c2012.
300 _a520 გვ ;
_b ნახ; ცხრ.
504 _aბიბლიოგრ.: გვ. 517-519.
653 _aინჟინერია
653 _aმშენებლობა შრომის უსაფრთხოება
653 _aშრომის უსაფრთხოება მშენებლობაზე და უსაფრთხოების ტექნიკის საფუძვლებინა
700 _aბოჭორიშვილი, ი
_97277
700 _aმეგრელიშვილი, ი
_eრედაქტორი
_97278
942 _cBK
_2udc